[Event "Miercurea Ciuc GP RO Stage 3"]
[Site "Miercurea Ciuc"]
[Date "2022.08.22"]
[Round "3"]
[White "Coicev, Matei Andrei"]
[Black "Juhasz, Agoston Botond"]
[Result "0-1"]
[WhiteElo "2062"]
[BlackElo "2372"]
[PlyCount "120"]
[EventDate "2022.08.20"]
[EventType "swiss"]
[EventRounds "9"]
[EventCountry "ROU"]
[SourceTitle "CBM 209 Extra"]
[Source "ChessBase"]
[SourceDate "2022.09.30"]
[SourceVersion "1"]
[SourceVersionDate "2022.09.30"]
[SourceQuality "1"]

1. d4 Nf6 2. Bg5 d5 3. Bxf6 gxf6 4. e3 c5 5. Nf3 Nc6 6. Nbd2 Bf5 7. dxc5 e5 8. Nb3 Bxc5 9. Nxc5 Qa5+ 10. c3 Qxc5 11. Nh4 Be6 12. Qf3 0-0-0 13. Be2 Qe7 14. Nf5 Qd7 15. Ng7 f5 16. Bb5 Rhg8 17. Bxc6 bxc6 18. Nxe6 fxe6 19. g3 Kc7 20. Qe2 Rb8 21. 0-0 h5 22. e4 fxe4 23. Qxh5 Rxb2 24. Qxe5+ Qd6 25. Qd4 c5 26. Qa4 Qb6 27. Qd1 Rf8 28. Qg4 Rb8 29. Qg7+ Kd6 30. Rae1 Qc7 31. Qh6 Qf7 32. c4 Qf8 33. Qg5 Qf5 34. Qh6 Qf8 35. Qg5 Qf5 36. Qh6 d4 37. Qg7 R2b7 38. Qh6 Rh7 39. Qd2 Rbh8 40. f4 Rxh2 41. Qxh2 Rxh2 42. Kxh2 e3 43. Rf3 Qc2+ 44. Kg1 Qxc4 45. g4 Qd5 46. Rg3 Qe4 47. g5 Qg6 48. Kg2 c4 49. Kf3 c3 50. Rh3 Qc2 51. Kg4 Qf5+ 52. Kg3 c2 53. Rh8 e5 54. Rh6+ Kd5 55. Rf6 exf4+ 56. Kh4 Qh7+ 57. Rh6 Qc7 58. g6 c1Q 59. Rxc1 Qxc1 60. g7 Qh1+ 0-1

[Event "Poiana Brasov op"]
[Site "Poiana Brasov"]
[Date "2022.07.28"]
[Round "7"]
[White "Coman, Mihnea George"]
[Black "Coicev, Matei Andrei"]
[Result "1-0"]
[WhiteElo "2121"]
[BlackElo "2087"]
[PlyCount "115"]
[EventDate "2022.07.24"]
[EventType "swiss"]
[EventRounds "9"]
[EventCountry "ROU"]
[SourceTitle "EXT 2023"]
[Source "ChessBase"]
[SourceDate "2022.10.05"]
[SourceVersion "1"]
[SourceVersionDate "2022.10.05"]
[SourceQuality "1"]

1. e4 e5 2. Nf3 Nf6 3. Nxe5 d6 4. Nf3 Nxe4 5. Nc3 Nxc3 6. dxc3 Be7 7. Be3 Nc6 8. Qd2 Be6 9. 0-0-0 Qd7 10. Kb1 0-0-0 11. Nd4 Bf6 12. Nxe6 fxe6 13. g3 d5 14. Bh3 Kb8 15. f4 Qd6 16. Qf2 b6 17. Rhe1 Rhe8 18. Bg2 Na5 19. f5 c6 20. fxe6 Rxe6 21. Bf4 Be5 22. Bh3 Ree8 23. Rxe5 Rxe5 24. Re1 Nc4 25. b3 Kb7 26. bxc4 Rxe1+ 27. Qxe1 Qc5 28. cxd5 Rxd5 29. a4 Qa3 30. Bc1 Qxa4 31. Qe7+ Ka6 32. Bc8+ Kb5 33. Be6 Rc5 34. Bb3 Qg4 35. Qxa7 Rxc3 36. Bf4 Rxb3+ 37. cxb3 Qd1+ 38. Kb2 Qd4+ 39. Ka2 Qf2+ 40. Kb1 Qf1+ 41. Bc1 Qd3+ 42. Ka2 Qe2+ 43. Bb2 h5 44. h4 g6 45. Qa4+ Kc5 46. Qd4+ Kb5 47. Qe5+ Qxe5 48. Bxe5 Kc5 49. Kb2 Kd5 50. Bc7 b5 51. Kc3 c5 52. Kd3 c4+ 53. bxc4+ bxc4+ 54. Kc3 Kc5 55. Be5 Kd5 56. Bd4 Ke4 57. Kxc4 Kf3 58. Be5 1-0

[Event "Targu Mures op-A"]
[Site "Targu Mures"]
[Date "2022.06.11"]
[Round "9"]
[White "Vilcu, Matei Stefan"]
[Black "Coicev, Matei Andrei"]
[Result "1/2-1/2"]
[WhiteElo "2184"]
[BlackElo "2027"]
[PlyCount "64"]
[EventDate "2022.06.04"]
[EventType "swiss"]
[EventRounds "9"]
[EventCountry "ROU"]
[SourceTitle "CBM 208 Extra"]
[Source "ChessBase"]
[SourceDate "2022.07.31"]
[SourceVersion "1"]
[SourceVersionDate "2022.07.31"]
[SourceQuality "1"]

1. e4 c5 2. Nf3 d6 3. d4 cxd4 4. Nxd4 Nf6 5. Nc3 g6 6. Be3 Bg7 7. f3 Nc6 8. Qd2 0-0 9. 0-0-0 d5 10. Nxc6 bxc6 11. Bh6 Rb8 12. h4 Qb6 13. b3 dxe4 14. Bxg7 Kxg7 15. Nxe4 Nxe4 16. fxe4 Bg4 17. Be2 Bxe2 18. Qxe2 Rbd8 19. Qc4 Qf2 20. h5 Qxg2 21. hxg6 hxg6 22. Kb1 Rh8 23. Rhf1 Rxd1+ 24. Rxd1 Rh4 25. Qc3+ Kh7 26. Rd8 Qf1+ 27. Kb2 Qf6 28. e5 Qe6 29. Rd3 Rh5 30. Re3 Kg7 31. Qd4 a6 32. a4 Rh2 1/2-1/2

[Event "Targu Mures op-A"]
[Site "Targu Mures"]
[Date "2022.06.05"]
[Round "2"]
[White "Pasti, Aron"]
[Black "Coicev, Matei Andrei"]
[Result "1-0"]
[WhiteElo "2382"]
[BlackElo "2027"]
[PlyCount "82"]
[EventDate "2022.06.04"]
[EventType "swiss"]
[EventRounds "9"]
[EventCountry "ROU"]
[SourceTitle "CBM 208 Extra"]
[Source "ChessBase"]
[SourceDate "2022.07.31"]
[SourceVersion "1"]
[SourceVersionDate "2022.07.31"]
[SourceQuality "1"]

1. e4 c5 2. Nf3 d6 3. d4 cxd4 4. Nxd4 Nf6 5. Nc3 g6 6. Be3 Bg7 7. f3 Nc6 8. Qd2 0-0 9. 0-0-0 d5 10. exd5 Nxd5 11. Nxc6 bxc6 12. Bd4 e5 13. Bc5 Be6 14. Ne4 Re8 15. g4 Qc7 16. Bc4 Red8 17. Qe1 Nf4 18. Bd6 Qb6 19. Qf1 Bd5 20. Bc5 Qc7 21. h4 h6 22. h5 Bxe4 23. fxe4 Rxd1+ 24. Qxd1 g5 25. Qd6 Qb7 26. Rd1 Bf8 27. Qd8 Rxd8 28. Rxd8 Ne6 29. Bxe6 fxe6 30. Rxf8+ Kg7 31. b4 Qa6 32. Ra8 Qc4 33. Rxa7+ Kg8 34. a4 Qf1+ 35. Kb2 Qe2 36. a5 Qb5 37. a6 Qb8 38. Re7 Qa8 39. a7 Kh8 40. Rf7 Qb7 41. Rf8+ Kg7 1-0

[Event "Bucharest-ch"]
[Site "Bucharest"]
[Date "2022.05.22"]
[Round "6"]
[White "Vijiila, Cristinel"]
[Black "Coicev, Matei Andrei"]
[Result "0-1"]
[WhiteElo "1802"]
[BlackElo "1997"]
[PlyCount "119"]
[EventDate "2022.05.19"]
[EventType "swiss"]
[EventRounds "7"]
[EventCountry "ROU"]
[SourceTitle "EXT 2023"]
[Source "ChessBase"]
[SourceDate "2022.10.05"]
[SourceVersion "1"]
[SourceVersionDate "2022.10.05"]
[SourceQuality "1"]

1. d4 Nf6 2. c4 e6 3. Nf3 c5 4. d5 d6 5. Nc3 exd5 6. cxd5 g6 7. e4 Bg7 8. Bd3 0-0 9. 0-0 a6 10. a4 Bg4 11. h3 Bxf3 12. Qxf3 Nbd7 13. Qd1 Re8 14. Re1 Qc7 15. Ra3 c4 16. Bc2 Nc5 17. Kh1 Nfd7 18. f4 Re7 19. e5 Rae8 20. Rf1 Qb8 21. a5 dxe5 22. f5 Nf6 23. Bg5 Qd6 24. Bxf6 Bxf6 25. Ne4 Nxe4 26. Bxe4 g5 27. Qh5 Kh8 28. Qh6 Rg8 29. Rg3 Rd7 30. h4 gxh4 31. Rxg8+ Kxg8 32. g4 Bg7 33. Qe3 f6 34. g5 Qe7 35. Rg1 fxg5 36. Rxg5 Qf6 37. Rg4 Kh8 38. Qh3 Bh6 39. Rxh4 Bf4 40. Rg4 Bg5 41. Qh5 Rg7 42. d6 h6 43. Bd5 Qxd6 44. Qe8+ Kh7 45. Be4 Qf6 46. Bd5 Qe7 47. Qh5 Qd7 48. Be4 Qd1+ 49. Kg2 Qe2+ 50. Kh1 Qf1+ 51. Rg1 Qf4 52. Rg4 Qc1+ 53. Rg1 Qe3 54. Rg4 Qe1+ 55. Kg2 Qe2+ 56. Kh1 Rg8 57. f6+ Kh8 58. f7 Rd8 59. Qh3 Rd1+ 60. Rg1 0-1

[Event "Bucharest-ch"]
[Site "Bucharest"]
[Date "2022.05.21"]
[Round "4"]
[White "Lazarean, Colea Valentin"]
[Black "Coicev, Matei Andrei"]
[Result "0-1"]
[WhiteElo "1629"]
[BlackElo "1997"]
[PlyCount "130"]
[EventDate "2022.05.19"]
[EventType "swiss"]
[EventRounds "7"]
[EventCountry "ROU"]
[SourceTitle "EXT 2023"]
[Source "ChessBase"]
[SourceDate "2022.10.05"]
[SourceVersion "1"]
[SourceVersionDate "2022.10.05"]
[SourceQuality "1"]

1. c4 Nf6 2. g3 e6 3. Nc3 d5 4. cxd5 exd5 5. d4 Be6 6. Bg2 h6 7. Nf3 c5 8. 0-0 Nc6 9. Bf4 Be7 10. dxc5 Bxc5 11. e3 0-0 12. h4 Nh5 13. Be5 Nxe5 14. Nxe5 Nf6 15. Rc1 Rc8 16. Qd3 Bb6 17. Rfd1 Re8 18. Nf3 Bg4 19. Ne2 Rxc1 20. Rxc1 Ne4 21. Ned4 Qf6 22. Rc2 Nc5 23. Qb5 Bd7 24. Qe2 Ne6 25. Nxe6 fxe6 26. Qd2 Rd8 27. b4 Be8 28. Qc3 Bg6 29. Rc1 Be4 30. Qxf6 gxf6 31. Nd4 Bxg2 32. Kxg2 Kf7 33. Kf3 Ke7 34. Ke2 Kd7 35. Kd3 Re8 36. g4 Bd8 37. Rg1 Rg8 38. f4 Be7 39. a3 b6 40. Nf3 Kd6 41. g5 fxg5 42. hxg5 hxg5 43. Ne5 Rg7 44. Nf3 g4 45. Ne5 g3 46. Ke2 Bf6 47. Nd3 e5 48. fxe5+ Bxe5 49. Kf3 Ke6 50. b5 Bd6 51. a4 Rf7+ 52. Nf4+ Bxf4 53. exf4 Rg7 54. Re1+ Kd6 55. Rg1 Ke6 56. Re1+ Kf6 57. Kg2 Kf5 58. Re5+ Kxf4 59. Rxd5 Re7 60. Rd8 Re2+ 61. Kg1 Ra2 62. Rf8+ Ke3 63. Re8+ Kd3 64. Rg8 Rxa4 65. Rxg3+ Kc4 0-1